Marvel Villains by Classic Look - Statistics

General Stats
  • This quiz has been taken 100 times
  • The average score is 28 of 32
Answer Stats
Picture Answer % Correct
Doctor Doom
100%
Rhino
100%
Venom
100%
Green Goblin
99%
Kingpin
99%
Loki
99%
Red Skull
99%
Juggernaut
97%
Magneto
97%
Sandman
97%
Thanos
97%
Doctor Octopus
96%
Lizard
96%
Vulture
96%
Electro
95%
Mysterio
95%
Mystique
95%
Ultron
92%
Dark Phoenix
91%
M.O.D.O.K.
91%
Hela
89%
Black Cat
88%
Galactus
86%
Kang the Conqueror
84%
Super-Skrull
79%
Scorpion
76%
Abomination
75%
Baron Zemo
74%
Mandarin
71%
Leader
66%
Mole Man
59%
Annihilus
49%
No matching quizzes found
Score Distribution
Percent of People with Each Score
Percentile by Number Answered
Your Score History
You have not taken this quiz